000 01627nam a2200289Ia 4500
999 _c4055
_d4055
003 OSt
005 20200219144952.0
008 191128s2007 ck a br 000 u spa d
020 _a9789583023866
040 _aCO-JMCR
_cCO-JMCR
041 0 _aspa
082 0 4 _aLM /
_bPUEh
100 1 _aPuerta Restrepo, Germán,
_eautor
_9753
245 1 0 _aHistorias y leyendas del cielo /
_cGermán Puerta Restrepo ; ilustraciones Helena Melo
250 _aPrimera edición
260 _aBogotá :
_bPanamericana,
_c2007
300 _a[85] páginas :
_bilustraciones a color ;
_c23 cm.
500 _aIncluye datos biográficos del autor.
504 _aBibliografía: página [84]
505 0 _aLos pilares del cielo -- La iluminación del mundo -- El nacimiento de Osiris -- La expansión del universo -- El zodiaco negro -- Amor y guerra en la bóveda celeste -- La leyenda de Poia -- Una historia de amor -- Los meses del año -- Las siete hermanas -- El gran perro -- El sueño de los dioses
520 _aMucho se sabe hoy en día de la verdadera naturaleza del Sol, la Luna, los astros y los fenómenos del Cielo. Pero, ¿qué podrían pensar los pueblos antiguos sobre los eventos celestes? ¿o sobre el origen del mundo? Hace miles, o aún cientos de años, la naturaleza estaba llena de enigmas y misterios que debían ser explicados de alguna manera. Y fue allí donde aparecieron los mitos y las leyendas.
650 1 4 _aMitos del universo
_9754
650 1 4 _aPersonajes fantásticos
_xliteratura
_9755
650 1 4 _aUniverso en la literatura
_9756
700 1 _aMelo, Helena,
_eilustradora
_9757
942 _2ddc
_cBK